000 00800nai a2200217Ia 4500
003 IN-BaIIA
008 211028c9999 xx s 000 0 eng d
022 _a0096-252X (Print)
022 _a2331-1657 (Online)
040 _cIIA Library
245 0 _aIRE Transactions on Space Electronics and Telemetry
_h[eJournal]
260 _aNew York, USA
_bThe Institute of Electrical and Electronics Engineers, Inc. (IEEE)
310 _aQuarterly
362 _aSET-5(1); 1959 - SET-8(4); 1962
521 _bSubscribed through National Knowledge Resource Consortium (NKRC)
650 _a Components, Circuits, Devices and Systems
650 _a Transportation
650 _aAerospace
856 _uhttps://ieeexplore.ieee.org/servlet/opac?punumber=5008636
_yClick Here to Access eJournal
942 _cEJ
999 _c34930
_d34930